000 00641nam a2200217Ii 4500
001 20349
003 CO-ViMGA
008 241108s9999||||xx |||||||||||||| ||und||
020 _a8426131816
040 _aCO-ViMGA
_bspa
_erda
_cCO-ViMGA
041 0 _aspa
082 0 4 _a612.665 B89p
100 1 _aSusana Buzzi
_952297
245 1 0 _aEl placer de ser mujer :
_bguía de orientación para la menopausia
264 1 _aMadrid, España : Juventud, 2000
300 _avolumen
336 _atext
_btxt
_2rdacontent
337 _aunmediated
_bn
_2rdamedia
338 _avolume
_bnc
_2rdacarrier
940 _aidficha_siabuc: 20004. -- ficha_no_siabuc:20349
999 _c47080
_d47080